[Event "Emilia Romagna tt op"]
[Site "Piacenza"]
[Date "2022.09.25"]
[Round "5"]
[White "Bosi, Davide"]
[Black "Cadioli, Enrico Maria"]
[Result "0-1"]
[WhiteElo "1407"]
[BlackElo "1073"]
[PlyCount "40"]
[EventDate "2022.09.23"]
[EventType "team-swiss"]
[EventRounds "5"]
[EventCountry "ITA"]
[SourceTitle "EXT 2023"]
[Source "ChessBase"]
[SourceDate "2022.10.05"]
[SourceVersion "1"]
[SourceVersionDate "2022.10.05"]
[SourceQuality "1"]
[WhiteTeam "Bertinelli Young"]
[BlackTeam "Club 64 Promozione"]
[WhiteTeamCountry "ITA"]
[BlackTeamCountry "ITA"]

1. e4 e5 2. Nf3 Nc6 3. d3 Nf6 4. Be3 h6 5. Nbd2 d5 6. exd5 Nxd5 7. h3 Bd6 8. Be2 Nxe3 9. fxe3 Bc5 10. e4 0-0 11. Nc4 Re8 12. a3 b5 13. Ncd2 b4 14. g3 bxa3 15. bxa3 Rb8 16. Nc4 Ba6 17. Ncd2 Nd4 18. c3 Nxf3+ 19. Nxf3 Rb2 20. Bf1 Bf2# 0-1